000
00288nam a22001337a 4500
008
170802b xxu||||| |||| 00| 0 eng d
020
_a
341101671-X
041
_a
ger
080
_a
004
100
_a
32
101
_a
SHK
245
_a
REIHE INFORMATIK/37
_c
BOHLING,K.H
942
_2
udc
_c
BK
999
_c
22507
_d
22507